| 000 | 00407nam a2200169Ia 4500 | ||
|---|---|---|---|
| 001 | 10590 | ||
| 005 | 20260306161843.0 | ||
| 008 | 260306t9999||||xx |||||||||||||| ||spa|| | ||
| 041 | _aESP | ||
| 082 |
_a943 _bB65 |
||
| 100 |
_aBoas International Publishing Go _eAUT |
||
| 245 | 0 |
_aAlemania: _b1945-1954 |
|
| 300 |
_a738 páginas : _c30 cm. |
||
| 650 | _aGEN | ||
| 654 | _aCHU | ||
| 942 |
_cLIB _dJUS _fJUS _2ddc _n |
||
| 999 |
_c10590 _d10590 |
||